All-time top 3000 US baby names (K-Z) Quiz Stats

 Plays Quiz not verified by Sporcle

Challenge
Share
Tweet
Embed
Score 0/146 Timer 20:00
0 Plays Today
Answer % Correct
Kelli- Kendall
96.1%
Kathy- Kayden
94.9%
Sabrina- Sam
94.1%
Maren- Mari
93.7%
Patience- Paul
93.6%
Kameron- Karin
93.4%
Mia- Michell
93.1%
Katelyn- Kathryn
92.7%
Samantha- Santana
92.5%
Karrie- Katelin
91.7%
Peggie- Petra
91.7%
Olen- Omari
91.5%
Latonya- Lauretta
91%
Ricky- Robbin
90.8%
Mason- Maude
90.6%
Natalia- Nayeli
90.2%
Theodore- Tiara
90%
Lily- Linwood
89.7%
Mamie- Marcela
89.7%
Marva- Marylou
89.7%
Keven- Kieran
89.7%
Kacey- Kaitlyn
89.6%
Queen- Rachel
89.6%
Paloma- Pat
89.6%
Kolby- Kristen
89.3%
Michelle- Milan
89%
Kendra- Kenton
88.8%
Lucretia- Lulu
88.7%
Yvonne- Zaria
88.6%
Marisa- Marla
88.5%
Vernie- Victoria
88.2%
Melanie- Melva
88.2%
Nettie- Nickolas
88.1%
Santiago- Savanah
88.1%
Luna- Lyn
88%
Marquis- Marty
87.9%
Taylor- Teressa
87.9%
Stormy- Susanne
87.8%
Maudie- Maxie
87.6%
Shari- Shawna
87.2%
Will- Wilson
87.2%
Maximilian- Mayra
87.2%
Savanna- Sean
86.9%
Krysta- Kyler
86.9%
Lemuel- Leon
86.7%
Ruby- Ruthann
86.6%
Nola- Norris
86%
Levi- Liberty
86%
Mina- Misti
86%
Answer % Correct
Tierra- Tisha
85.9%
Lorie- Louella
85.9%
Stephan- Stewart
85.7%
Rhoda- Rickie
85.7%
Maria- Maribel
85.6%
Lloyd- Lonny
85.5%
Robby- Rocky
85.5%
Sonya- Stan
85.5%
Mollie- Monty
85.4%
Lawson- Leanne
85.2%
Triston- Tyler
85.2%
Lanny- Latisha
84.8%
Maddox- Madonna
84.6%
Susie- Sylvia
84.4%
Vivian- Warner
84.1%
Karina- Karon
84%
Lakisha- Lani
83.9%
Sierra- Skyla
83.8%
Oscar- Palmer
83.8%
Rohan- Ronda
83.7%
Maricela- Marion
83.6%
Warren- Whitney
83.6%
Nan- Natalee
83.6%
Rebeca- Reginald
83.5%
Valentina- Veda
83.5%
Sherrie- Sienna
83.5%
Morgan- Murphy
83.4%
Misty- Moises
83.2%
Kylie- Lakesha
83.2%
Mildred- Mimi
83.1%
Skylar- Sonny
83.1%
Mable- Maddison
83%
Lynda- Mabel
82.8%
Paula- Pedro
82.7%
Stanford- Stella
82.7%
Nicky- Nikki
82.6%
Lionel- Lizzie
82.5%
Lora- Lori
82.5%
Teri- Tessa
81.8%
Kierra- Kinley
81.8%
Kristi- Kristyn
81.7%
Toni- Tracey
81.6%
Kaitlynn- Kamari
81.3%
Rashawn- Reba
81.3%
Una- Valentin
81%
Zechariah- Zora
81%
Nikolas- Noemi
80.9%
Tamia- Tanner
80.8%
Vida- Vito
80.8%
Answer % Correct
Lidia- Lilly
80.8%
Tabatha- Tami
80.7%
Tanya- Tayler
80.7%
Wilton- Xavier
80.7%
Madyson- Major
80.6%
Kip- Kody
80.5%
Lesley- Lettie
80.4%
Rosalyn- Roselyn
80.4%
Shay- Shelia
80.3%
Murray- Nakia
80.1%
Neal- Nestor
80.1%
Louie- Luanne
80%
Luca- Lucius
79.9%
Shakira- Shantel
79.7%
Marcella- Marcy
79.6%
Leona- Lesa
79.6%
Keagan- Kelley
79.5%
Kaydence- Kaylynn
79.3%
Lauri- Lawrence
79.2%
Traci- Trevor
78.7%
Titus- Toney
78.6%
Ruthie- Sabina
78.1%
Ronnie- Rosalinda
78%
Melvin- Mervin
77.9%
Roxann- Rubin
77.4%
Ramona- Rashad
76.8%
Rachelle- Ramon
76.2%
Tessie- Theodora
75.8%
Mazie- Mekhi
75.7%
Shelley- Sherri
75.5%
Sebastian- Shaina
75.5%
Trey- Tristin
75.5%
Peyton- Pierre
75.4%
Rosemarie- Roxana
75.1%
Lee- Lelia
74.8%
Marlee- Marques
74.2%
Rod- Rogers
74.2%
Piper- Priscilla
73.8%
Ximena- Yvette
73.2%
Kenya- Kerry
72.8%
Makayla- Mallory
72.8%
Velda- Vernice
72.1%
Omer- Orville
69.6%
Tylor- Ulysses
65.4%
Reid- Renita
64.1%
Nova- Ola
61.8%
Reta- Rhiannon
61.8%
Wilber- Wilhelmina
46.3%

You're not logged in!

Compare scores with friends on all Sporcle quizzes.
Join for Free
OR
Log In

You Might Also Like...

Show Comments

Extras

Created Jul 24, 2012SourceReportNominate
Tags:3000, baby, common, starting

Top Quizzes Today


Score Distribution

Your Account Isn't Verified!

In order to create a playlist on Sporcle, you need to verify the email address you used during registration. Go to your Sporcle Settings to finish the process.

Report this User

Report this user for behavior that violates our Community Guidelines.

Details: